00310nam a22001097a 450000500170000000800410001708200180005824500460007626000450012230000100016765000230017720260408103535.0260408b |||||||| |||| 00| 0 eng d a338.91bEST-G aEstimates of Foreign Assistance 2002-2003 aPakistan bGovernemnt of Pakistan c2003 a37 p. aManagement Science